Historia de la filosofía
Uloženo v:
| Hlavní autor: | |
|---|---|
| Médium: | Neznámo |
| Jazyk: | angličtina |
| Vydáno: |
Madrid, España.
Biblioteca Autores Cristianos,
1956 (v.1) 2005 (v.2) 2011 (v.3)
|
| Vydání: | Primera edición (v.1) |
| Témata: | |
| Tagy: |
Přidat tag
Žádné tagy, Buďte první, kdo vytvoří štítek k tomuto záznamu!
|
MARC
| LEADER | 00000 a2200000 4500 | ||
|---|---|---|---|
| 003 | CL-VaPUC | ||
| 005 | 20211004113252.0 | ||
| 008 | 210422b ||||| |||| 00| 0 eng d | ||
| 999 | |c 432470 |d 432468 | ||
| 020 | |a 978-8479142919 (v.1) | ||
| 020 | |a 978-84-220-1787-5 (v.2/2°) | ||
| 020 | |a 978-8479149734 (v.3) | ||
| 020 | |a 978-84-7914-148-6 (obra completa) | ||
| 040 | |c Pontificia Universidad Católica de Valparaíso | ||
| 082 | |a 109 FRA 1956 (v.1) |a 109 FRA 2005 (v.2) |a 109 FRA 2011 (v.3) | ||
| 100 | |a Fraile, Guillermo |9 859164 |c OP | ||
| 245 | |a Historia de la filosofía | ||
| 250 | |a Primera edición (v.1) | ||
| 250 | |a Primera edición (al cromo) (v.2) | ||
| 250 | |a Primera edición cartoné (v.3) | ||
| 260 | |a Madrid, España. |b Biblioteca Autores Cristianos, |c 1956 (v.1) |c 2005 (v.2) |c 2011 (v.3) | ||
| 300 | |a 9 volúmenes | ||
| 505 | |a v.1. Grecia y Roma v.2/2. Filosofía judía y musulmana. Alta escolástica: desarrollo y decadencia v.3. Del Humanismo a la Ilustración (siglos XV-XVIII) | ||
| 583 | |k Cristina Rojas |c 20210422 | ||
| 650 | 0 | |9 256920 |a Historia de la filosofía |z Grecia |z Roma | |
| 650 | 0 | |9 265155 |a Filosofía judía |x Historia | |
| 650 | 0 | |9 433296 |a Filosofía musulmana |x Historia | |
| 650 | 0 | |a Historia de la filosofía |9 256920 |y Siglos 15-18 | |
| 942 | |2 ddc |c BK | ||
| 952 | |0 0 |1 0 |2 ddc |4 0 |6 109_000000000000000_FRA_1956 |7 0 |8 A |9 577965 |a BIBEDU |b BIBEDU |d 2021-06-02 |e 3 |g 32826.00 |h v.1 |i 5583918 |l 9 |m 1 |o 109 FRA 1956 |p 5583918 |r 2024-04-19 |s 2024-04-17 |t 1 |v 32826.00 |w 2021-06-02 |y BK |k FIL | ||
| 952 | |0 0 |1 0 |2 ddc |4 0 |6 109_000000000000000_FRA_2005 |7 0 |8 A |9 577966 |a BIBEDU |b BIBEDU |d 2021-06-02 |e 3 |g 34509.00 |h v.2 p.2 |i 5583926 |o 109 FRA 2005 |p 5583926 |r 2021-06-02 |t 1 |v 34509.00 |w 2021-06-02 |y BK |k FIL | ||
| 952 | |0 0 |1 0 |2 ddc |4 0 |6 109_000000000000000_FRA_2011 |7 0 |8 A |9 577967 |a BIBEDU |b BIBEDU |d 2021-06-02 |e 3 |g 48210.00 |h v.3 |i 5583934 |l 2 |m 3 |o 109 FRA 2011 |p 5583934 |r 2024-04-09 |s 2024-03-27 |t 1 |v 48210.00 |w 2021-06-02 |y BK |k FIL | ||